Návrh systému automatizovaného spracovania typovej technológie : Diplomová práca

Saved in:
Bibliographic Details
Main Author: Cíbik, Peter (Author)
Other Authors: Morháč, Martin (xxx)
Format: Manuscript Book
Language:Slovak
Published: Trnava : SVŠT v Bratislave StF KASRVP, 1987
Subjects:
Tags: Add Tag
No Tags, Be the first to tag this record!

MARC

LEADER 00000ntm a22000003a 4500
001 stu75275
005 20160719162706.4
008 020326s1987----cs------------------slo-d
040 |a STU  |b slo 
041 0 |a slo 
044 |a cs 
100 1 |a Cíbik, Peter  |4 aut 
245 1 |a Návrh systému automatizovaného spracovania typovej technológie :  |b Diplomová práca 
260 |a Trnava :  |b SVŠT v Bratislave StF KASRVP,  |c 1987 
300 |a 76 s  |c abstr. + príl. 
650 7 |a Súčiastky rotačné-výroba  |2 stusub 
650 7 |a systémy výrobné-automatizácia  |2 stusub 
700 1 |a Morháč, Martin  |4 xxx 
996 |b 284M041949  |c M*DP-1549  |l MMSKP  |s P  |a 0  |w stu75275_0001